| 000 | 02489nam a2200277Ia 4500 | ||
|---|---|---|---|
| 003 | Ost | ||
| 005 | 20260507075456.0 | ||
| 008 | 260507s9999||||xx |||||||||||||| ||und|| | ||
| 020 | _a9774220293 | ||
| 040 | _cfsecg | ||
| 041 | _aara | ||
| 082 | _a371.207 | ||
| 100 |
_aالنجار، فريد _eمؤلف |
||
| 245 | 0 |
_aالتجديد التنظيمي لمنظمات التعليم في القرن 21 : _bأليات الاعتماد -ادارة الجودة الشاملة -التخطيط الاستراتيجي / _c فريد النجار |
|
| 260 |
_aالاسكندرية: _bالدار الجامعية, _c2007 |
||
| 300 |
_a681 صفحة؛ _bإيضاحات ؛ _c24 سم |
||
| 504 | _aبيبليوغرافيا ص.661 ؛ ملاحق ص.667 | ||
| 520 | _aيتكون هذا الكتاب من 4 أقسام : إدارة منظومات التعليم - التخطيط الإستراتيجي -إدارة الجودة الشاملة - إدارة التغير ويشمل كل قسم سلسلة الفصول المتتالية غالتي تهدف إلى تقديم مقتراحات لتطوير منظومات التعليم الحالية قبل الجامعي ويعرض فصوله كالتالي تشخيص أزمة التعليم المعاصر ، دور الادارة في التربية والتعليم ،أهمية المهارات التهخطيطية في التربية والتعليم ، السلوك التنظيمي التربوي ، التجديد والتطوير التنظيمي في المدارس والجامعات ، الرؤية المستقبلية لقيادات التعليم ، التخطيط الاستراتيجي التربوي ، التخطيط الاتراتيجي للجامعات ، التعليم والتنمية المتواصلة إدراة برامج التطبيق التربوي في المستقبل ، إدراة الجودة الشاملة في المدارس إدارة الجودة الشاملة ، استراتيجيات التسويق الجامعي ، استراتيجيات تحديث التعليم ، مراجعة دليل الاعتماد وضمان الجودة في التليم العالي. | ||
| 653 | _aالتخطيط الاستراتيجي | ||
| 653 | _aالتخطيط التربوي | ||
| 653 | _aالتعليم | ||
| 653 | _aالتعليم - الإدارة التعليمية | ||
| 653 | _aالتعليم - التعليم - التطوير المهنى | ||
| 653 | _aالتعليم الجامعي | ||
| 942 | _cكتاب | ||
| 999 |
_c44665 _d44665 |
||